Fiscal economics / (Record no. 29588)

MARC details
000 -LEADER
fixed length control field 00847nam a22002417a 4500
005 - DATE AND TIME OF LATEST TRANSACTION
control field 20090825154510.0
008 - FIXED-LENGTH DATA ELEMENTS--GENERAL INFORMATION
fixed length control field 090204t xxu||||| |||| 00| 0 eng d
010 ## - LCCN (DPL NO)
LC control number ENG-94882
020 ## - INTERNATIONAL STANDARD BOOK NUMBER
Terms of availability 150.00
International Standard Book Number 9788189840112
035 ## - SYSTEM CONTROL NUMBER
System control number EN-78415
037 ## - SOURCE OF ACQUISITION
Source of stock number/acquisition DBAD / PUB
040 ## - CATALOGING SOURCE
Original cataloging agency dpl
Language of cataloging English
082 ## - DEWEY DECIMAL CLASSIFICATION NUMBER
Classification number 336.3
100 ## - MAIN ENTRY--PERSONAL NAME
Personal name Panneerselvam, R.
245 ## - TITLE STATEMENT
Title Fiscal economics /
Statement of responsibility, etc by R. Panneerselvam
260 ## - PUBLICATION, DISTRIBUTION, ETC. (IMPRINT)
Place of publication, distribution, etc Erode
Name of publisher, distributor, etc Pallavi Pathippagam
Date of publication, distribution, etc 2008
270 ## - ADDRESS
Address 194, Kanna Complex, Mettur Road,
City Erode
Postal code 11
300 ## - PHYSICAL DESCRIPTION
Extent 156p.
Dimensions 21cm(pbk)
650 ## - SUBJECT ADDED ENTRY--TOPICAL TERM
Topical term or geographic name as entry element Finance, Public
650 ## - SUBJECT ADDED ENTRY--TOPICAL TERM
Topical term or geographic name as entry element Fiscal policy
Geographic subdivision India
942 ## - ADDED ENTRY ELEMENTS (KOHA)
Source of classification or shelving scheme Dewey Decimal Classification
Item type English Books
Call number suffix PAN
Classification part 336.3
Holdings
Withdrawn status Lost status Source of classification or shelving scheme Damaged status Not for loan Collection code Home library Current library Date acquired Source of acquisition Cost, normal purchase price Total Checkouts Full call number Barcode Date last seen Copy number Cost, replacement price Koha item type
    Dewey Decimal Classification   Not For Loan Non-fiction D.B.Act.Division D.B.Act.Division 25/08/2009 DBAD / PUB 150.00   336.3 PAN EN-78415 25/08/2009 1 150.00 English Books

© Delhi Public Library
Hit Counter
free hit counter